Rádová symbolika a jej aplikácia v heraldickej tvorbe

Bibliographic Details
Main Author: Graus, Igor, 1960-2020 (Author)
Format: Book
Language:Slovak
PhysicalDescription:S. 100-114 fotogr. 21 cm
Published: Martin Slovenská genealogicko-heraldická spoločnosť pri Matici slovenskej 1997
Subjects:

MARC

LEADER 00000nam a2200000 a 4500
001 vtls001300782
003 SK-MaSNL
005 20260301155625.0
008 240318s1997 xo aad r yy 0 slo
015 |a SNBA1998/0100319 
035 |a SNK000252784 
040 |a SNK  |b slo  |c SNK  |e AACR2 
041 0 |a slo 
044 |a xo  |c SK 
080 |a 929.6(437.6)  |2 1981 
100 1 |a Graus, Igor,  |d 1960-2020  |4 aut  |9 101374 
245 1 0 |a Rádová symbolika a jej aplikácia v heraldickej tvorbe  |c Igor Graus 
260 |a Martin  |b Slovenská genealogicko-heraldická spoločnosť pri Matici slovenskej  |c 1997 
300 |a S. 100-114  |b fotogr.  |c 21 cm 
500 |a Sep. odt. z: Heraldika na Slovensku 
504 |a Bibliogr. odkazy. Res. angl. 
650 0 7 |a heraldika  |z Slovensko  |2 SNK  |9 14797 
650 0 7 |a rády  |x symbolika heraldická  |2 SNK  |9 520101 
655 7 |a separáty  |2 SNK  |9 70334 
958 |a TL 
958 |a NB 
958 |a BQ 
999 |c 801949  |d 803879 
952 |t P60, <03>, [BOOK], {603}  |a SNK  |b SNK  |y PREZ  |7 0  |p 17A0088751  |o snkOSC 19230  |i snkKSP 9379/97  |0 0  |1 0  |4 0  |d 1997-09-04  |l 0  |r 2005-01-02 00:00:00  |w 2026-02-24 
952 |t P60, <04>, [BOOK], {604}  |a SNK  |b SNK  |y PREZ  |7 0  |p 17A0088752  |o snkOSC 19230 D1  |i snkKSP 9380/97  |0 0  |1 0  |4 0  |d 1997-09-04  |l 0  |r 2005-01-02 00:00:00  |w 2026-02-24